|
|
|
|
| LEADER |
00664cam a2200181 7i4500 |
| 001 |
0000001535 |
| 005 |
20191104090000.0 |
| 020 |
|
|
|a 0471607169 (pbk.)
|
| 090 |
0 |
0 |
|a QA276
|b .D83 1988
|
| 100 |
1 |
|
|a Dudewicz, Edward J
|
| 245 |
1 |
0 |
|a Modern mathematical statistics
|c Edward J. Dudewicz, Satya N. Mishra.
|
| 260 |
|
|
|a New York:
|b John Wiley & Sons,
|c 1988.
|
| 300 |
|
|
|a xix, 837 p.:
|b ill.;
|c 23 cm.
|
| 490 |
0 |
|
|a Wiley Series in Probability and Mathematical Statistics
|
| 650 |
0 |
0 |
|a Mathematical statistics
|
| 700 |
1 |
|
|a Mishra, Satya N
|
| 997 |
|
|
|a Engineering & Life Sciences, Faculty
|b Engineering, Department
|
| 999 |
|
|
|a 0000005507
|b BOK
|c OPEN SHELF
|e 2nd Floor, Bestari Jaya
|